Statistics for World Leader to Country (1970s) - Picture Quiz

Click here to take the quiz!

General Stats

  • This quiz has been taken 71 times
  • The average score is 13 of 15

Answer Stats

Answer% Correct
North Korea
100%
United States
100%
United States
100%
Libya
97%
Canada
95%
Iraq
95%
Iran
94%
Egypt
92%
East Germany
89%
France
89%
Uganda
89%
Indonesia
88%
France
86%
West Germany
77%
Somalia
36%

Score Distribution

Percentile by Number Answered

Percent of People with Each Score

Your Score History

You have not taken this quiz